Tourism policy and international tourism : in OECD countries 1991-1992 : special feature: tourism strategies and rural development
Αποθηκεύτηκε σε:
| Συγγραφή απο Οργανισμό/Αρχή: | |
|---|---|
| Μορφή: | Βιβλίο |
| Γλώσσα: | English |
| Δημοσίευση: |
Paris :
Organisation for Economic Co-Operation and Development,
1994
|
| Θέματα: | |
| Ετικέτες: |
Προσθήκη ετικέτας
Δεν υπάρχουν, Καταχωρήστε ετικέτα πρώτοι!
|
MARC
| LEADER | 00000nam a2200000 i 4500 | ||
|---|---|---|---|
| 001 | 1/8213 | ||
| 008 | 961009s1994 eng d | ||
| 020 | |a 92-64-14091-3 | ||
| 035 | |l 10017012 | ||
| 040 | |a GR-MY-UA |b gre |e aacr | ||
| 041 | 0 | |a eng | |
| 082 | 0 | |a 338.4791 | |
| 110 | 2 | |a Organisation for Economic Co-operation and Development. | |
| 245 | 1 | 0 | |a Tourism policy and international tourism : |b in OECD countries 1991-1992 : special feature: tourism strategies and rural development / |c Organisation for Economic Co-operation and Development |
| 260 | |a Paris : |b Organisation for Economic Co-Operation and Development, |c 1994 | ||
| 300 | |a 230 p. |b tables; fig. | ||
| 650 | 0 | 0 | |a Tourism |x Government policy. |
| 650 | 0 | 0 | |a Tourism |z OECD countries. |
| 852 | |a INST |b LESVOS |e 19961009 |h 338.4791 TOU |p 005100009101 |q 005100009101 |t BK |y 0 | ||
| 909 | |a Λ |b 037972 | ||
| 922 | |a 1ΕΛΗ |b 199411 |c ΜΠΡΙΑΣΟΥΛΗ | ||